000 00462nam a2200193Ia 4500
005 20250423095416.0
008 250422s9999 xx 000 0 und d
020 _a9780071280921
050 _aHG 4026 .B56/
100 _aBlock, Stanley B.
245 0 _aFoundations of financial management
250 _a13th ed.
260 _aNew York
260 _bMcGraw-Hill
260 _c2009
300 _a665 p
650 _aCorporations--Finance.
942 _cBK
999 _c30183
_d30183